[Event "aut_chT03"]
[Site "Jenbach"]
[Date "2004.03.19"]
[Round "9"]
[Board "5"]
[White "Weiss, Christian"]
[Black "Frosch, Erich"]
[Result "1-0"]
[WhiteElo "2389"]
[BlackElo "2341"]
[PlyCount "111"]

1.g3 Nf6 2.Bg2 e6 3.Nf3 d5 4.c4 Be7 5.O-O O-O 6.b3 c5 7.cxd5 Nxd5 8.Bb2 Nc6
9.Nc3 Nf6 10.Rc1 Rb8 11.Na4 b6 12.d4 Nxd4 13.Nxd4 cxd4 14.Qxd4 Bb7 15.Rfd1 Qxd4
16.Rxd4 Bxg2 17.Kxg2 Rbc8 18.Rdd1 h6 19.Kf3 b5 20.Nc3 a6 21.e4 Bb4 22.a3 Ba5
23.b4 Bc7 24.Ne2 Bb8 25.Bd4 Rfe8 26.h3 Kh7 27.Ke3 Kg6 28.f4 h5 29.Bb6 Kh7 30.Kf3
g6 31.g4 Rxc1 32.Rxc1 Nd7 33.Be3 f5 34.gxf5 exf5 35.exf5 gxf5 36.Rc6 Be5 37.Rxa6
Bb2 38.Nd4 Bxd4 39.Bxd4 Re4 40.Rd6 Nf8 41.Rd5 Ne6 42.Be3 Kg6 43.Rxb5 Rc4 44.Rb6
Kf7 45.a4 Nc7 46.Bd2 Nd5 47.Rb7+ Ke6 48.Ke2 Re4+ 49.Kd3 Nxf4+ 50.Bxf4 Rxf4 51.a5
Kd5 52.a6 Rf3+ 53.Ke2 Rxh3 54.Rb5+ Kc4 55.Ra5 Kxb4 56.Ra1

[Event "aut_chT03"]
[Site "Jenbach"]
[Date "2004.03.19"]
[Round "9"]
[Board "6"]
[White "Ebner, Hubert"]
[Black "Knoll, Hermann"]
[Result "1/2-1/2"]
[WhiteElo "2251"]
[BlackElo "2393"]
[PlyCount "125"]

1.d4 Nf6 2.c4 g6 3.Nc3 Bg7 4.e4 d6 5.f3 O-O 6.Bg5 Na6 7.Bd3 e5 8.d5 c6 9.Qd2
cxd5 10.cxd5 Bd7 11.Nge2 Nc5 12.Bc2 a5 13.a4 Qb6 14.b3 Rfc8 15.Be3 Nh5 16.Rb1
Nf4 17.O-O Qb4 18.Rfd1 Na6 19.Na2 Qxd2 20.Rxd2 Nxe2+ 21.Rxe2 b5 22.axb5 Bxb5
23.Rd2 Nb4 24.Bd1 Bf6 25.Rc1 Rxc1 26.Nxc1 Rc8 27.Na2 Bd8 28.Nxb4 axb4 29.Rc2 Rc3
30.Bd2 Bb6+ 31.Kh1 Rxc2 32.Bxc2 Bc5 33.g3 Bf1 34.h4 f5 35.Kh2 fxe4 36.fxe4 h5
37.Kh1 Kf7 38.Kh2 Ke8 39.Kh1 Kd7 40.Kh2 Kc7 41.Bg5 Bd4 42.Be7 Be3 43.Bb1 Be2
44.Bc2 Bf3 45.Bf8 Kd7 46.Kh3 g5 47.hxg5 Bxg5 48.Kh2 Be3 49.Kh3 Bg5 50.Kh2 Bd8
51.Bh6 Bb6 52.Bd2 Bc5 53.Bh6 Ke7 54.Kh3 Kf7 55.Bg5 Be2 56.Kg2 Ke8 57.Bd2 Kd7
58.Bh6 Bb6 59.Bd2 Bc5 60.Bh6 Kc7 61.Bf8 Ba7 62.Bh6 Bd4 63.Bf8

[Event "aut_chT03"]
[Site "Jenbach"]
[Date "2004.03.19"]
[Round "9"]
[Board "2"]
[White "Schlosser, Philipp"]
[Black "Schenk, Andreas"]
[Result "1/2-1/2"]
[WhiteElo "2560"]
[BlackElo "2499"]
[PlyCount "89"]

1.c4 Nf6 2.Nc3 e5 3.Nf3 Nc6 4.a3 e4 5.Ng5 Qe7 6.d3 exd3 7.e4 h6 8.Nf3 g6 9.Bxd3
d6 10.Nd5 Qd8 11.O-O Bg7 12.h3 O-O 13.Be3 Re8 14.Qc2 Ne5 15.Nxe5 dxe5 16.Nxf6+
Qxf6 17.c5 c6 18.Rfd1 Be6 19.b4 a6 20.a4 Bf8 21.Bc4 Red8 22.Rab1 Rxd1+ 23.Rxd1
Bxc4 24.Qxc4 Rd8 25.Rb1 Rc8 26.b5 axb5 27.axb5 cxb5 28.Qxb5 Rc7 29.Qe8 Qe7
30.Qb8 Qd7 31.Rb6 h5 32.g3 Qc8 33.Qxc8 Rxc8 34.Rb5 Rc7 35.Kf1 f6 36.Ke2 Rd7
37.f4 Kf7 38.h4 exf4 39.gxf4 Be7 40.Bf2 f5 41.e5 Bd8 42.Rb1 Ke6 43.Rg1 Kf7
44.Rc1 Be7 45.c6

[Event "aut_chT03"]
[Site "Jenbach"]
[Date "2004.03.19"]
[Round "9"]
[Board "3"]
[White "Fogarasi, Tibor"]
[Black "Stangl, Markus"]
[Result "0-1"]
[WhiteElo "2477"]
[BlackElo "2493"]
[PlyCount "114"]

1.e4 c5 2.Nf3 d6 3.d4 cxd4 4.Nxd4 Nf6 5.Nc3 a6 6.Bd3 g6 7.O-O Bg7 8.Nde2 b5
9.Nf4 O-O 10.Ncd5 Nbd7 11.a4 bxa4 12.Nxf6+ Nxf6 13.Rxa4 Bb7 14.f3 e5 15.Ne2 d5
16.Nc3 d4 17.Nb1 Nd7 18.b4 a5 19.Bd2 axb4 20.Rxa8 Qxa8 21.Bxb4 Rc8 22.c3 Nc5
23.Bxc5 Rxc5 24.cxd4 exd4 25.Qe2 Bc6 26.Nd2 Rc3 27.f4 Qa2 28.e5 Bd5 29.Re1 Bh6
30.g3 Qa5 31.Rb1 Qa3 32.Ne4 Bxe4 33.Bxe4 d3 34.Qf2 Rc1+ 35.Rxc1 Qxc1+ 36.Kg2 d2
37.Bf3 d1=Q 38.Bxd1 Qxd1 39.Qa2 Qd7 40.Qc4 Bf8 41.Qe4 Bc5 42.Qf3 Qd2+ 43.Kh3 Bg1
44.Qg2 Qd1 45.Qa8+ Kg7 46.Kg2 Bc5 47.Qa2 Qg1+ 48.Kh3 Qf1+ 49.Qg2 Qxg2+ 50.Kxg2
Kf8 51.Kf3 Ke7 52.Ke4 Bg1 53.h3 Ke6 54.g4 Bf2 55.f5+ Kd7 56.Kf4 Bh4 57.Ke4 Kc6

[Event "aut_chT03"]
[Site "Jenbach"]
[Date "2004.03.19"]
[Round "9"]
[Board "5"]
[White "Kuba, Guenter"]
[Black "Kleissl, Helmut"]
[Result "1/2-1/2"]
[WhiteElo "2339"]
[BlackElo "2311"]
[PlyCount "50"]

1.e4 d6 2.d4 Nf6 3.Nc3 g6 4.Be3 c6 5.a4 Bg7 6.h3 O-O 7.Nf3 b6 8.Bd3 Bb7 9.O-O c5
10.d5 Re8 11.Ne2 e6 12.c4 Na6 13.Ng3 Nb4 14.Re1 exd5 15.exd5 Nxd3 16.Qxd3 a6
17.Bd2 b5 18.b3 b4 19.Rxe8+ Qxe8 20.Re1 Qf8 21.Ng5 Re8 22.N5e4 Nxe4 23.Rxe4 Bc8
24.Bf4 Rxe4 25.Nxe4 Bf5

[Event "aut_chT03"]
[Site "Jenbach"]
[Date "2004.03.19"]
[Round "9"]
[Board "6"]
[White "Blaas, Hansjoerg"]
[Black "Wach, Markus"]
[Result "0-1"]
[WhiteElo "2267"]
[BlackElo "2359"]
[PlyCount "97"]

1.e4 b6 2.d4 Bb7 3.Bd3 Nf6 4.f3 e6 5.c4 c5 6.d5 exd5 7.cxd5 d6 8.Ne2 g6 9.Nbc3
a6 10.a4 Bg7 11.Be3 Nbd7 12.O-O O-O 13.Qd2 Ne5 14.Rad1 Nxd3 15.Qxd3 Nd7 16.f4
Re8 17.g4 b5 18.b3 b4 19.Nb1 Nf6 20.g5 Nxe4 21.Rf3 Bc8 22.Re1 Bf5 23.Qc4 Ra7
24.Nd2 Rae7 25.Nxe4 Rxe4 26.Qc1 Bg4 27.Rg3 Bxe2 28.Rxe2 Bd4 29.Rf3 Rxe3 30.Rexe3
Rxe3 31.Rxe3 Qe7 32.Kf2 c4 33.Ke2 Qxe3+ 34.Qxe3 Bxe3 35.Kxe3 cxb3 36.Kd2 a5
37.Kc1 Kf8 38.Kb2 Ke7 39.Kxb3 Kd7 40.Kc4 Kc7 41.Kd4 Kb6 42.Kc4 b3 43.Kxb3 Kc5
44.Kc3 Kxd5 45.Kd3 Kc5 46.Kc3 d5 47.Kd3 Kb4 48.Kd4 Kxa4 49.Kxd5

[Event "aut_chT03"]
[Site "Jenbach"]
[Date "2004.03.19"]
[Round "9"]
[Board "2"]
[White "Horvath, Jozsef"]
[Black "Hertneck, Gerald"]
[Result "1/2-1/2"]
[WhiteElo "2532"]
[BlackElo "2536"]
[PlyCount "32"]

1.d4 Nf6 2.c4 e6 3.Nf3 b6 4.e3 Bb7 5.Nc3 Be7 6.Bd3 d5 7.cxd5 exd5 8.O-O O-O 9.b3
Nbd7 10.Bb2 a6 11.Rc1 Bd6 12.Qc2 Qe7 13.Ne2 Rfc8 14.Bf5 g6 15.Bh3 c6 16.Ne5 Rc7

[Event "aut_chT03"]
[Site "Jenbach"]
[Date "2004.03.19"]
[Round "9"]
[Board "6"]
[White "Pilaj, Herwig"]
[Black "Huber, David"]
[Result "1-0"]
[WhiteElo "2375"]
[BlackElo "2126"]
[PlyCount "95"]

1.Nf3 Nf6 2.d4 e6 3.c4 Nc6 4.a3 d5 5.Nc3 a6 6.cxd5 exd5 7.Bg5 Be7 8.e3 O-O 9.Bd3
Bg4 10.O-O h6 11.Bxf6 Bxf6 12.Be2 Qd6 13.Na4 Rae8 14.Nc5 Bc8 15.Rc1 g5 16.b4 Nd8
17.Bd3 Ne6 18.Bb1 Bg7 19.Qc2 f5 20.Nxe6 Qxe6 21.Qxc7 Rf7 22.Qc2 g4 23.Nh4 Bf8
24.g3 Bd6 25.Qb3 Rd8 26.Ba2 Bb8 27.Rc5 Rfd7 28.Rfc1 Rd6 29.Qc2 Bd7 30.Ng2 Bc6
31.a4 Qd7 32.Bb3 Ba7 33.Rc3 Bb8 34.Qa2 Re6 35.Rc5 Rd6 36.Nf4 Kg7 37.b5 axb5
38.axb5 Bxb5 39.Bxd5 Re8 40.Qb1 Ba6 41.Bc4 Re4 42.Bxa6 Rxa6 43.Rxf5 Ra1 44.Nh5+
Kg6 45.Rf6+ Kxh5 46.Qxe4 Rxc1+ 47.Kg2 Qg7 48.Qd5+

[Event "aut_chT03"]
[Site "Jenbach"]
[Date "2004.03.20"]
[Round "10"]
[Board "1"]
[White "Kindermann, Stefan"]
[Black "Shchekachev, Andrei"]
[Result "1/2-1/2"]
[WhiteElo "2542"]
[BlackElo "2520"]
[PlyCount "24"]

1.e4 e5 2.Nf3 Nc6 3.Bb5 a6 4.Bxc6 dxc6 5.O-O f6 6.d4 Bg4 7.c3 Bd6 8.Be3 Qe7
9.Nbd2 O-O-O 10.Qc2 exd4 11.Nxd4 Qf7 12.h3 Bxh3

[Event "aut_chT03"]
[Site "Jenbach"]
[Date "2004.03.20"]
[Round "10"]
[Board "3"]
[White "Karner, Christoph"]
[Black "Zelcic, Robert"]
[Result "0-1"]
[WhiteElo "2352"]
[BlackElo "2524"]
[PlyCount "124"]

1.d4 Nf6 2.Nf3 e6 3.g3 d5 4.c4 dxc4 5.Bg2 Nc6 6.O-O Rb8 7.Nc3 b5 8.Ne5 Nxe5
9.dxe5 Nd7 10.Qd4 c5 11.Qg4 b4 12.Ne4 Nxe5 13.Qh5 Ng6 14.Nxc5 Qc7 15.Be3 Be7
16.Rac1 O-O 17.Rxc4 Qa5 18.a3 bxa3 19.bxa3 Rb5 20.a4 Rb4 21.Rxb4 Qxb4 22.Rc1 Rd8
23.Qf3 Bxc5 24.Bxc5 Qa5 25.Qb3 Bd7 26.h4 Rc8 27.Qe3 Bxa4 28.h5 Nf8 29.h6 gxh6
30.Be7 Rxc1+ 31.Qxc1 Bd7 32.Qxh6 Qa1+ 33.Kh2 Ng6 34.Qd2 Nxe7 35.Qxd7 Qa3 36.Be4
Qc5 37.Kg2 Kg7 38.Qe8 Ng6 39.Qa4 a5 40.f4 Ne7 41.Qa1+ f6 42.Qb1 a4 43.Qa2 Qb5
44.Qxe6 Qxe2+ 45.Kh3 Qh5+ 46.Kg2 Qc5 47.Kh2 a3 48.Bb1 Qh5+ 49.Kg1 Nd5 50.Qd7+
Qf7 51.Qg4+ Kh6 52.Ba2 Qa7+ 53.Kh1 Ne3 54.Qf3 Qd4 55.Kh2 Qd2+ 56.Kh3 Qd1 57.Qxd1
Nxd1 58.g4 Nc3 59.Bc4 a2 60.Bxa2 Nxa2 61.Kg3 Nc3 62.Kf3 Kg6

[Event "aut_chT03"]
[Site "Jenbach"]
[Date "2004.03.20"]
[Round "10"]
[Board "5"]
[White "Watzka, Horst"]
[Black "Ljubic, Juro"]
[Result "1/2-1/2"]
[WhiteElo "2338"]
[BlackElo "2241"]
[PlyCount "39"]

1.e4 c5 2.Nf3 g6 3.d4 cxd4 4.Qxd4 Nf6 5.Bb5 a6 6.e5 axb5 7.exf6 Nc6 8.Qd1 e6
9.Nc3 Bb4 10.O-O Bxc3 11.bxc3 Qxf6 12.Qd3 Ne5 13.Nxe5 Qxe5 14.Bh6 Ra4 15.Rfe1
Qf5 16.Qd6 f6 17.Be3 Ra6 18.Qd2 O-O 19.Bh6 Re8 20.Re3

[Event "aut_chT03"]
[Site "Jenbach"]
[Date "2004.03.20"]
[Round "10"]
[Board "6"]
[White "Huber, David"]
[Black "Singer, Richard"]
[Result "0-1"]
[WhiteElo "2126"]
[BlackElo "2269"]
[PlyCount "139"]

1.Nc3 d5 2.e4 c6 3.Nf3 Bg4 4.h3 Bh5 5.exd5 cxd5 6.Bb5+ Nc6 7.g4 Bg6 8.Ne5 Rc8
9.h4 f6 10.Nxg6 hxg6 11.d4 e6 12.Qd3 Kf7 13.a3 Bd6 14.Bd2 Nge7 15.O-O-O a6
16.Bxc6 Rxc6 17.Rde1 Qc8 18.Rh3 b5 19.Ne2 Qb8 20.h5 gxh5 21.Rxh5 Rxh5 22.gxh5
Nf5 23.h6 gxh6 24.Bxh6 Rc8 25.Bd2 Rh8 26.Nc3 Bf4 27.Ne2 Bxd2+ 28.Qxd2 Rh4 29.Qa5
Qd6 30.Qc3 Re4 31.Qd2 Qh2 32.Rf1 Qg2 33.Qd1 Qf3 34.Nc3 Qxd1+ 35.Kxd1 Rxd4+
36.Ke2 Rh4 37.Re1 Nd6 38.b3 Ne4 39.Nd1 Rh2 40.Rg1 e5 41.Ke3 Nd6 42.Kf3 Rh8
43.Ne3 d4 44.Rd1 Rc8 45.Rd2 dxe3 46.Rxd6 exf2 47.Kxf2 Rxc2+ 48.Ke1 Rc3 49.a4
Rxb3 50.a5 Ra3 51.Rxa6 Ra2 52.Ra8 Kg6 53.a6 Kf5 54.a7 b4 55.Kd1 b3 56.Kc1 e4
57.Kb1 Kf4 58.Rf8 Rxa7 59.Rxf6+ Ke3 60.Kb2 Rc7 61.Kxb3 Ke2 62.Kb2 e3 63.Rh6 Kd2
64.Rd6+ Ke1 65.Re6 e2 66.Re8 Rc5 67.Re7 Kf2 68.Rf7+ Ke3 69.Re7+ Kf3 70.Rf7+

[Event "aut_chT03"]
[Site "Jenbach"]
[Date "2004.03.20"]
[Round "10"]
[Board "2"]
[White "Varga, Peter"]
[Black "Beim, Valeri"]
[Result "1/2-1/2"]
[WhiteElo "2468"]
[BlackElo "2518"]
[PlyCount "25"]

1.d4 d6 2.e4 Nf6 3.f3 c5 4.d5 e5 5.Be3 Be7 6.c4 O-O 7.Nc3 Ne8 8.Qd2 g6 9.Bh6 Ng7
10.Bd3 Nd7 11.Nge2 Kh8 12.O-O Nf6 13.Be3

[Event "aut_chT03"]
[Site "Jenbach"]
[Date "2004.03.20"]
[Round "10"]
[Board "3"]
[White "Balinov, Ilia"]
[Black "Vogt, Lothar"]
[Result "1-0"]
[WhiteElo "2398"]
[BlackElo "2466"]
[PlyCount "147"]

1.c4 g6 2.Nf3 Bg7 3.Nc3 c5 4.g3 Nc6 5.Bg2 e5 6.O-O Nge7 7.Rb1 O-O 8.a3 a5 9.d3
d6 10.Bd2 Rb8 11.Qc1 Bg4 12.Re1 Qd7 13.Nb5 b6 14.b4 axb4 15.axb4 Nxb4 16.Bxb4
cxb4 17.Rxb4 d5 18.Qb1 Rfc8 19.cxd5 Nxd5 20.Nxe5 Bxe5 21.Bxd5 Qxd5 22.Rxg4 Ra8
23.Qb4 Ra5 24.Rc4 Rxc4 25.dxc4 Qe6 26.Rd1 Ra8 27.Qb3 Rc8 28.Rd5 Bg7 29.Qd3 Bf8
30.h4 Qh3 31.Rd8 Rxd8 32.Qxd8 Qe6 33.Qd3 Bc5 34.Kg2 h5 35.Nc3 Qe5 36.e3 Kg7
37.Nd5 Qe6 38.Qc3+ f6 39.Qd3 Qc6 40.Kg1 Bd6 41.Qc3 Bc5 42.Qc2 Qe8 43.Qb2 Qe6
44.Qb1 Qc6 45.Nf4 Qe8 46.Qd3 Qf7 47.Qe4 Bd6 48.Ne6+ Kh7 49.Qd5 Qe7 50.Kf1 Kh6
51.Qb7 Kh7 52.Qc8 Be5 53.Kg2 Bd6 54.Kg1 Bc5 55.Nf4 Qf7 56.Nd5 Kg7 57.Qc6 g5
58.hxg5 fxg5 59.Nxb6 Qf5 60.Qb7+ Kg6 61.Nd5 Bf8 62.Qb6+ Kf7 63.Qa7+ Kg6 64.Qd4
Kf7 65.Kg2 Qe6 66.Qd1 Kg6 67.Qb1+ Kg7 68.Qb7+ Kg8 69.Nb6 Kh8 70.Nd7 Be7 71.Qd5
Qd6 72.Qxd6 Bxd6 73.c5 Bc7 74.Nf6

[Event "aut_chT03"]
[Site "Jenbach"]
[Date "2004.03.20"]
[Round "10"]
[Board "4"]
[White "Lehner, Oliver"]
[Black "Mahdy, Khaled"]
[Result "1/2-1/2"]
[WhiteElo "2404"]
[BlackElo "2418"]
[PlyCount "60"]

1.Nf3 g6 2.c4 Bg7 3.Nc3 c5 4.g3 Nc6 5.Bg2 d6 6.Rb1 e5 7.a3 a5 8.O-O Nge7 9.Ne1
Be6 10.Nd5 Rb8 11.d3 O-O 12.Nc2 b5 13.Nce3 Nd4 14.Nxe7+ Qxe7 15.Nd5 Qd7 16.e3
Nc6 17.cxb5 Bxd5 18.Bxd5 Ne7 19.Qf3 Nxd5 20.Qxd5 Rxb5 21.Bd2 a4 22.e4 Rc8 23.Qc4
Rb3 24.Bc3 Qb5 25.Rbd1 h5 26.Rfe1 Bh6 27.Re2 Qd7 28.Kg2 Qb5 29.Rf1 Bg7 30.h3 Rc7

[Event "aut_chT03"]
[Site "Jenbach"]
[Date "2004.03.20"]
[Round "10"]
[Board "6"]
[White "Beck, Hartmuth"]
[Black "Wukits, Rene"]
[Result "1-0"]
[WhiteElo "2280"]
[BlackElo "2301"]
[PlyCount "79"]

1.d4 Nf6 2.c4 e6 3.Nc3 c5 4.d5 exd5 5.cxd5 d6 6.e4 g6 7.f4 Bg7 8.Nf3 O-O 9.Be2
Bg4 10.O-O Nbd7 11.h3 Bxf3 12.Bxf3 Ne8 13.Re1 Qa5 14.a4 a6 15.Be3 Rc8 16.Kh1 Qb4
17.Qc2 c4 18.a5 Nc5 19.Bxc5 Qxc5 20.e5 Qc7 21.Qe4 Kh8 22.Ra4 f6 23.e6 f5 24.Qe2
Bh6 25.Qe3 Qe7 26.Rb4 Rc7 27.Qd4+ Bg7 28.Qf2 Nf6 29.g3 Rfc8 30.Na4 c3 31.bxc3 h5
32.Nb6 Rg8 33.c4 h4 34.g4 fxg4 35.hxg4 Nh7 36.Rb3 g5 37.Be4 Rf8 38.Bxh7 Rxf4
39.Qc2 Rxg4 40.Rf3

[Event "aut_chT03"]
[Site "Jenbach"]
[Date "2004.03.20"]
[Round "10"]
[Board "1"]
[White "Mueller, Karsten"]
[Black "Gustafsson, Jan"]
[Result "1/2-1/2"]
[WhiteElo "2517"]
[BlackElo "2572"]
[PlyCount "30"]

1.e4 e5 2.Nf3 Nc6 3.Nc3 Nf6 4.d4 exd4 5.Nxd4 Bb4 6.Nxc6 bxc6 7.Bd3 d5 8.exd5 O-O
9.O-O cxd5 10.Bg5 c6 11.Qf3 Bd6 12.Na4 Re8 13.h3 Qa5 14.Bxf6 Qxa4 15.b3 Qf4

[Event "aut_chT03"]
[Site "Jenbach"]
[Date "2004.03.20"]
[Round "10"]
[Board "2"]
[White "Atlas, Valery"]
[Black "Polzin, Rainer"]
[Result "1/2-1/2"]
[WhiteElo "2471"]
[BlackElo "2497"]
[PlyCount "130"]

1.e4 c5 2.Nf3 d6 3.d4 cxd4 4.Nxd4 Nf6 5.Nc3 g6 6.g3 Nc6 7.Nde2 b6 8.Bg2 Ba6
9.Rb1 Rc8 10.b3 Bg7 11.Bb2 O-O 12.O-O Qc7 13.Re1 e6 14.Qd2 Rfd8 15.a4 Ne7
16.Rec1 d5 17.exd5 exd5 18.Nb5 Bxb5 19.axb5 Ne4 20.Qd3 Bxb2 21.Rxb2 Qc5 22.Bxe4
dxe4 23.Qxe4 Rd2 24.b4 Qc4 25.Qxc4 Rxc4 26.Kf1 Rd5 27.Ra1 Rc7 28.Rba2 Nc8 29.c3
Kg7 30.Ke1 Rxb5 31.Kd2 Rf5 32.f4 h5 33.Nd4 Rd5 34.Kd3 Kf6 35.Ra3 Rdd7 36.Rb3 Nd6
37.Re1 Nf5 38.Re4 b5 39.Ra3 Rd6 40.Re5 a6 41.Rc5 Rcd7 42.Kc2 Nxd4+ 43.cxd4 Rxd4
44.Rxa6+ Kg7 45.Rxb5 Rd2+ 46.Kb3 Rxh2 47.Rc5 Rd3+ 48.Rc3 Rxc3+ 49.Kxc3 Rh3
50.Kc4 Rxg3 51.b5 Rg1 52.b6 h4 53.Ra3 Rb1 54.Kc5 Kh6 55.Kc6 Kh5 56.Ra5+ Kg4
57.Rg5+ Kf3 58.Rb5 Re1 59.Rb3+ Kg4 60.Kd7 h3 61.Rb2 Ra1 62.Ke8 Ra8+ 63.Kxf7 Kxf4
64.Kxg6 Rg8+ 65.Kf7 Rb8

[Event "aut_chT03"]
[Site "Jenbach"]
[Date "2004.03.20"]
[Round "10"]
[Board "3"]
[White "Schwarz, Michael"]
[Black "Naumann, Alexander"]
[Result "1/2-1/2"]
[WhiteElo "2411"]
[BlackElo "2529"]
[PlyCount "32"]

1.Nf3 Nf6 2.c4 e6 3.g3 d5 4.Bg2 dxc4 5.Qa4+ Nbd7 6.Qxc4 a6 7.d4 b5 8.Qd3 Bb7
9.O-O c5 10.dxc5 Nxc5 11.Qxd8+ Rxd8 12.Ne5 Bxg2 13.Kxg2 Bd6 14.Nf3 O-O 15.Be3
Rc8 16.Nc3 Be7

[Event "aut_chT03"]
[Site "Jenbach"]
[Date "2004.03.20"]
[Round "10"]
[Board "5"]
[White "Perhinig, Robert"]
[Black "Novkovic, Milan"]
[Result "1/2-1/2"]
[WhiteElo "2228"]
[BlackElo "2371"]
[PlyCount "30"]

1.d4 e6 2.e4 d5 3.exd5 exd5 4.c4 Nf6 5.Nc3 Bb4 6.Nf3 O-O 7.Be2 dxc4 8.O-O Be6
9.Ne5 Bxc3 10.bxc3 Nd5 11.Qc2 Nb6 12.Rb1 f6 13.Ng4 Qd7 14.Ne3 c6 15.a4 Nd5

[Event "aut_chT03"]
[Site "Jenbach"]
[Date "2004.03.20"]
[Round "10"]
[Board "6"]
[White "Gaertner, Guntram"]
[Black "Frosch, Ronald"]
[Result "1-0"]
[WhiteElo "2340"]
[BlackElo "2210"]
[PlyCount "121"]

1.b3 e5 2.Bb2 d6 3.e3 g6 4.d4 Bg7 5.dxe5 Bxe5 6.Bxe5 dxe5 7.Qxd8+ Kxd8 8.Nc3 c6
9.Bc4 Ke7 10.O-O-O Nd7 11.f4 Nh6 12.Nf3 f6 13.Rhe1 Re8 14.Ne4 b5 15.Bf1 Nf7
16.g3 f5 17.Neg5 Nxg5 18.Nxg5 h6 19.Nf3 e4 20.Nd4 Bb7 21.Bh3 Red8 22.g4 fxg4
23.Bxg4 Nf6 24.Bh3 Rd6 25.Rg1 Nd5 26.Rde1 b4 27.Ne2 Bc8 28.Rg3 h5 29.Bxc8 Rxc8
30.Rd1 c5 31.Kb2 Rcd8 32.c4 Nc3 33.Rxd6 Rxd6 34.Nxc3 Rd2+ 35.Kc1 bxc3 36.h4 Rxa2
37.Rxg6 Re2 38.Rc6 Rxe3 39.Rxc5 Kd6 40.Rd5+ Kc6 41.Kc2 Rf3 42.Rf5 e3 43.Kxc3 e2+
44.Kd2 Re3 45.Ke1 Rxb3 46.Kxe2 Rc3 47.Rxh5 Rxc4 48.Kf3 Kd6 49.Re5 Rc8 50.h5 Rg8
51.Ke4 Rh8 52.Kf3 Rg8 53.h6 Rh8 54.Ra5 Ra8 55.h7 Ke6 56.Rxa7 Rh8 57.Kg4 Kf6
58.Kh5 Rb8 59.Kh6 Rc8 60.Rg7 Rc1 61.Rg5

[Event "aut_chT03"]
[Site "Jenbach"]
[Date "2004.03.20"]
[Round "10"]
[Board "1"]
[White "Wells, Peter"]
[Black "Volkmann, Friedrich Karl"]
[Result "1/2-1/2"]
[WhiteElo "2493"]
[BlackElo "2457"]
[PlyCount "72"]

1.e4 e5 2.Nf3 Nf6 3.Nxe5 Nxe4 4.Qe2 Qe7 5.Qxe4 d6 6.d4 dxe5 7.dxe5 Nc6 8.Nc3
Qxe5 9.Qxe5+ Nxe5 10.Bf4 Bd6 11.Bg3 f6 12.O-O-O Bd7 13.Nb5 Bxb5 14.Bxb5+ Kf7
15.f4 Nc6 16.Bc4+ Kf8 17.Bd5 Re8 18.Rhf1 Re7 19.Rf3 Ke8 20.Rb3 Na5 21.Rbd3 g6
22.f5 Bxg3 23.hxg3 Kf8 24.Ra3 c6 25.Rxa5 b6 26.Ra3 cxd5 27.Rxd5 Kf7 28.Rad3 Rhe8
29.b3 Re1+ 30.Kb2 gxf5 31.Rxf5 R1e2 32.Rdf3 R8e6 33.Rf2 Rxf2 34.Rxf2 Re3 35.c4
Rxg3 36.Ka3 h5

[Event "aut_chT03"]
[Site "Jenbach"]
[Date "2004.03.20"]
[Round "10"]
[Board "2"]
[White "Schroll, Gerhard"]
[Black "Rabiega, Robert"]
[Result "1/2-1/2"]
[WhiteElo "2404"]
[BlackElo "2527"]
[PlyCount "91"]

1.d4 d5 2.c4 e6 3.Nc3 Nf6 4.Nf3 dxc4 5.e4 Bb4 6.e5 Nd5 7.Bd2 Nb6 8.Be2 Nc6 9.Be3
O-O 10.Qc2 Be7 11.a3 Na5 12.Rd1 Nd5 13.Bc1 Bd7 14.h4 f5 15.exf6 gxf6 16.Bh6 Rf7
17.Rh3 Bf8 18.Rg3+ Kh8 19.Bxf8 Qxf8 20.Nxd5 exd5 21.Qd2 Nb3 22.Qf4 Re8 23.Nd2
Nxd2 24.Rxd2 Re4 25.Qxc7 Bc6 26.Qa5 Rxh4 27.Rd1 Re7 28.Re3 Rhe4 29.Rxe4 Rxe4
30.f3 Re7 31.Kf1 Qh6 32.Qd8+ Re8 33.Qd6 Kg8 34.Qg3+ Qg5 35.Qxg5+ fxg5 36.Kf2 Kg7
37.Bf1 h5 38.g3 Bd7 39.Bg2 Bf5 40.Re1 Rxe1 41.Kxe1 b5 42.Kd2 a5 43.Kc3 h4 44.g4
Bd3 45.b4 axb4+ 46.axb4

[Event "aut_chT03"]
[Site "Jenbach"]
[Date "2004.03.20"]
[Round "10"]
[Board "3"]
[White "Paehtz, Thomas"]
[Black "Loeffler, Stefan"]
[Result "1/2-1/2"]
[WhiteElo "2424"]
[BlackElo "2413"]
[PlyCount "43"]

1.e4 Nf6 2.e5 Nd5 3.d4 d6 4.c4 Nb6 5.exd6 exd6 6.Nc3 Nc6 7.Be3 Be7 8.Nf3 O-O
9.d5 Ne5 10.Nxe5 dxe5 11.c5 Nd7 12.d6 cxd6 13.cxd6 Bg5 14.Qd2 Bxe3 15.Qxe3 Nb6
16.O-O-O Re8 17.Rd2 Bd7 18.Be2 Bc6 19.Rhd1 Qh4 20.d7 Red8 21.Qxe5 Rxd7 22.Rxd7

[Event "aut_chT03"]
[Site "Jenbach"]
[Date "2004.03.20"]
[Round "10"]
[Board "4"]
[White "Neulinger, Manfred"]
[Black "Fahrner, Kurt"]
[Result "1-0"]
[WhiteElo "2323"]
[BlackElo "2376"]
[PlyCount "107"]

1.e4 Nf6 2.e5 Nd5 3.d4 d6 4.c4 Nb6 5.exd6 exd6 6.Nc3 Be7 7.h3 Nc6 8.Nf3 O-O
9.Bd3 Bf6 10.O-O Nxd4 11.Nxd4 Bxd4 12.Bxh7+ Kxh7 13.Qxd4 Kg8 14.b3 Be6 15.Bb2 c5
16.Qf4 d5 17.cxd5 Nxd5 18.Qe5 Nxc3 19.Bxc3 Qf6 20.Qxf6 gxf6 21.Bxf6 Kh7 22.Rfc1
Rfc8 23.Rc3 b5 24.Re1 c4 25.Re5 Kh6 26.Rxb5 cxb3 27.Rxc8 Rxc8 28.axb3 Rc6 29.b4
Rb6 30.Rxb6 axb6 31.g4 Kg6 32.Bd8 b5 33.Kg2 f5 34.Kg3 Bd7 35.Kf4 Bc8 36.f3 Bd7
37.h4 Be8 38.h5+ Kh6 39.Kxf5 Bd7+ 40.Kf4 Bc8 41.Kg3 Bb7 42.f4 Bd5 43.f5 Bb3
44.Kh4 Bc2 45.Bg5+ Kh7 46.Be3 Bd3 47.h6 Bc2 48.Kg5 Bd1 49.Bd4 Be2 50.Bg7 Bd1
51.Kf4 Be2 52.g5 Bc4 53.g6+ Kg8 54.Bc3

[Event "aut_chT03"]
[Site "Jenbach"]
[Date "2004.03.20"]
[Round "10"]
[Board "5"]
[White "Frosch, Erich"]
[Black "Roth, Peter"]
[Result "1/2-1/2"]
[WhiteElo "2341"]
[BlackElo "2301"]
[PlyCount "80"]

1.d4 Nf6 2.c4 c5 3.d5 a6 4.Nc3 e5 5.e4 d6 6.f4 Nbd7 7.Nf3 Be7 8.fxe5 Nxe5 9.Nxe5
dxe5 10.Be2 O-O 11.O-O Ne8 12.Be3 b6 13.a4 a5 14.Bg4 Nd6 15.b3 Bg5 16.Bf2 g6
17.Bxc8 Rxc8 18.Qe2 Rc7 19.Rad1 Re7 20.Qg4 f6 21.Rd3 Qd7 22.Qe2 Rff7 23.Be3
Bxe3+ 24.Rxe3 Qe8 25.g4 f5 26.exf5 gxf5 27.gxf5 Nxf5 28.Ref3 Rg7+ 29.Kh1 Nd4
30.Rf8+ Qxf8 31.Rxf8+ Kxf8 32.Qd1 e4 33.d6 Re6 34.Qf1+ Ke8 35.Nd5 Nf3 36.Nc7+
Kd7 37.Nxe6 Kxe6 38.Qh3+ Kxd6 39.Qh6+ Rg6 40.Qf4+ Kd7

[Event "aut_chT03"]
[Site "Jenbach"]
[Date "2004.03.20"]
[Round "10"]
[Board "2"]
[White "Babula, Vlastimil"]
[Black "Schenk, Andreas"]
[Result "1/2-1/2"]
[WhiteElo "2594"]
[BlackElo "2499"]
[PlyCount "39"]

1.d4 Nf6 2.c4 e6 3.Nf3 d5 4.Nc3 dxc4 5.e4 Bb4 6.Bg5 c5 7.Bxc4 cxd4 8.Nxd4 Bxc3+
9.bxc3 Qa5 10.Bb5+ Bd7 11.Bxf6 gxf6 12.Qb3 Bxb5 13.Nxb5 O-O 14.O-O Nc6 15.c4
Rfd8 16.c5 Rd7 17.Rac1 b6 18.a4 Rad8 19.Qb2 Kg7 20.cxb6

[Event "aut_chT03"]
[Site "Jenbach"]
[Date "2004.03.20"]
[Round "10"]
[Board "6"]
[White "Knoll, Hermann"]
[Black "Wach, Markus"]
[Result "0-1"]
[WhiteElo "2393"]
[BlackElo "2359"]
[PlyCount "104"]

1.Nf3 e6 2.g3 f5 3.Bg2 Nf6 4.O-O Be7 5.d3 O-O 6.c4 d6 7.Nc3 Qe8 8.e4 fxe4 9.dxe4
e5 10.Ne1 Nc6 11.Nc2 Be6 12.Nd5 Qd7 13.f3 Bd8 14.Be3 Ne7 15.Qe2 Bh3 16.Rfd1 Bxg2
17.Kxg2 Qe6 18.Bg5 Ne8 19.Bxe7 Bxe7 20.Nxe7+ Qxe7 21.Ne3 g6 22.Nd5 Qf7 23.Rd3
Ng7 24.Rf1 Ne6 25.Qd1 Qg7 26.Nc3 Rf7 27.Ne2 Raf8 28.Ra3 Ng5 29.Qc2 a6 30.b4 Qh6
31.Ng1 Ne6 32.Ne2 c5 33.Rd3 Ng5 34.Ng1 Nxe4 35.Rdd1 Nf6 36.Rxd6 Ng4 37.Kh1 cxb4
38.Re1 Rxf3 39.Nxf3 Rxf3 40.Rd8+ Kf7 41.Rd2 Qh3 42.Rg1 Qf1 43.Qe4 Nf2+ 44.Rxf2
Qxf2 45.Qxb7+ Kf6 46.Qxh7 Qe2 47.Qh8+ Ke7 48.Qg7+ Rf7 49.Qxg6 Rf2 50.Qg5+ Kd7
51.Qg7+ Kc6 52.Qh6+ Kc5

[Event "aut_chT03"]
[Site "Jenbach"]
[Date "2004.03.20"]
[Round "10"]
[Board "2"]
[White "Horvath, Jozsef"]
[Black "Schlosser, Philipp"]
[Result "1/2-1/2"]
[WhiteElo "2532"]
[BlackElo "2560"]
[PlyCount "23"]

1.d4 Nf6 2.c4 e6 3.Nf3 d5 4.e3 Nbd7 5.Nc3 c6 6.Qc2 Bd6 7.Bd3 O-O 8.O-O dxc4
9.Bxc4 a6 10.Ne4 Nxe4 11.Qxe4 Qe7 12.Qc2

[Event "aut_chT03"]
[Site "Jenbach"]
[Date "2004.03.20"]
[Round "10"]
[Board "4"]
[White "Hoelzl, Franz"]
[Black "Weinzettl, Ernst"]
[Result "0-1"]
[WhiteElo "2361"]
[BlackElo "2343"]
[PlyCount "76"]

1.d4 d5 2.c4 e6 3.Nf3 c5 4.cxd5 exd5 5.e3 Nc6 6.Be2 Nf6 7.O-O a6 8.b3 Bd6 9.dxc5
Bxc5 10.Bb2 O-O 11.Nd4 Qd6 12.Nd2 Re8 13.N2f3 Ne4 14.Rc1 Bd7 15.Nxc6 bxc6 16.Bd4
Ba3 17.Rc2 Qh6 18.Qa1 f6 19.g3 Bd6 20.Qc1 Rec8 21.Nd2 Ng5 22.Bc5 Bb8 23.Qa3 Bh3
24.Rfc1 Bf5 25.e4 Nh3+ 26.Kh1 dxe4 27.Be3 Nxf2+ 28.Bxf2 e3 29.Rxc6 Re8 30.Bc4+
Kh8 31.Bf7 exd2 32.Bxe8 dxc1=Q+ 33.Qxc1 Be4+ 34.Kg1 Qh3 35.Qf1 Qg4 36.Bh5 Qd7
37.Rxa6 Rxa6 38.Qxa6 Qh3

[Event "aut_chT03"]
[Site "Jenbach"]
[Date "2004.03.20"]
[Round "10"]
[Board "5"]
[White "Kleissl, Helmut"]
[Black "Moser, Guenter"]
[Result "1/2-1/2"]
[WhiteElo "2311"]
[BlackElo "2356"]
[PlyCount "29"]

1.c4 g6 2.e4 c5 3.Nf3 Bg7 4.d4 cxd4 5.Nxd4 Nf6 6.Nc3 O-O 7.Be2 Nc6 8.Be3 d6
9.O-O Bd7 10.Qd2 Re8 11.Rfd1 Rc8 12.f3 Ne5 13.b3 a6 14.Rac1 Qa5 15.Rc2